000 00687nam a2200205Ia 4500
003 IN-BaIIA
008 211028s9999 xx 000 0 eng d
020 _a0-8243-0934-0
040 _cIIA Library
080 _a(05)52
_bANN-34
245 0 _aAnnual review of astronomy and astrophysics
_cedited by Geoffrey Burbidge and Allan Sandage
260 _aCalifornia
_bAnnual Reviews
_c1996
300 _avi, 825p.
650 _aAstronomy and astrophysics thesaurus
650 _aAstronomy-Periodicals
_94087
650 _aAstrophysics-Periodicals
_94088
700 _aBurbidge, Geoffrey., ed.
700 _aSandage, Allan, ed.
_99048
942 _cBK
999 _c11927
_d11927